Creating a campus-wide culture of student success : (Record no. 51825)

MARC details
000 -LEADER
fixed length control field 00825nam a2200253Ia 4500
005 - DATE AND TIME OF LATEST TRANSACTION
control field 20260429112011.0
008 - FIXED-LENGTH DATA ELEMENTS--GENERAL INFORMATION
fixed length control field 260429s9999||||xx |||||||||||||| ||und||
020 ## - INTERNATIONAL STANDARD BOOK NUMBER
International Standard Book Number 9781032581514
041 ## - LANGUAGE CODE
Language English
082 ## - DEWEY DECIMAL CLASSIFICATION NUMBER
Classification number 378.198
Item number HAL
100 ## - MAIN ENTRY--PERSONAL NAME
Personal name Hallett, Ronald E.
245 #0 - TITLE STATEMENT
Title Creating a campus-wide culture of student success :
Remainder of title an evidence-based approach to supporting low-income, racially minoritized, and first-generation college students /
Statement of responsibility, etc Ronald E. Hallett
250 ## - EDITION STATEMENT
Edition statement 1st ed.
260 ## - PUBLICATION, DISTRIBUTION, ETC. (IMPRINT)
Place of publication, distribution, etc New Delhi :
Name of publisher, distributor, etc Routledge,
Date of publication, distribution, etc 2024.
300 ## - PHYSICAL DESCRIPTION
Extent xvi, 225 p.; pbk
650 ## - SUBJECT ADDED ENTRY--TOPICAL TERM
Topical term or geographic name as entry element First-generation students
650 ## - SUBJECT ADDED ENTRY--TOPICAL TERM
Topical term or geographic name as entry element Higher education
650 ## - SUBJECT ADDED ENTRY--TOPICAL TERM
Topical term or geographic name as entry element Inclusion
650 ## - SUBJECT ADDED ENTRY--TOPICAL TERM
Topical term or geographic name as entry element Student success
700 ## - ADDED ENTRY--PERSONAL NAME
Personal name Kezar, Adrianna
700 ## - ADDED ENTRY--PERSONAL NAME
Personal name Kitchen, Joseph A.
700 ## - ADDED ENTRY--PERSONAL NAME
Personal name Perez, Rosemary J.
942 ## - ADDED ENTRY ELEMENTS (KOHA)
Koha item type Text Books
Holdings
Withdrawn status Lost status Damaged status Not for loan Collection code Home library Location Shelving location Date of Cataloging Source of acquisition Total Checkouts Full call number Barcode Date last seen Price effective from Koha item type
        Non-fiction CUTN Central Library CUTN Central Library Social Sciences 29/04/2026 SansRack Publishing Solutions, Chennai - Invoice No. S131/25-26 on 11-02-2026   378.198 HAL 56864 29/04/2026 29/04/2026 Text Books